000 00395cam a22001331 4500
050 0 0 _aQD415
_b.K56
100 1 _aKlyne, William.
245 1 4 _aThe chemistry of the steroids /
_cWilliam Klyne
260 _aLondon [UK] / New York [USA] :
_bMethuen & Co. Ltd / John Wiley & Sons Inc.,
_cC1960.
300 _a230 p.
500 _aIncludes bibliographic references
650 0 _bSteroids
942 _cGEN
999 _c2460
_d2460